| 000 | 005520000a22001690004500 | ||
|---|---|---|---|
| 090 |
_aAR _b01368 |
||
| 245 | 1 | 0 | _aEstudio de una población del murciélago Natalus tumidirostris en la cueva de Macaregua, San Gil |
| 650 | 1 | 4 |
_aCavernas _993465 |
| 650 | 1 | 4 |
_aMurciélagos _92659 |
| 650 | 1 | 4 |
_aBioespeleología _92655 |
| 651 | 4 |
_lCueva de Macaregua _mSan Gil _dSantander _pColombia _992749 |
|
| 653 |
_gNatalus _eNatalus tumidirostris |
||
| 041 | 0 | _aEspañol | |
| 100 | 1 |
_aCadena G., Alberto _96445 |
|
| 942 | _cARTICULO | ||
| 773 | 1 |
_tPreprint _33 _q1-16 _d1974? |
|
| 999 |
_c10453 _d10453 |
||